Capitale, Plus grande Ville du Pays ou les deux - Statistiques

Statistiques générales
  • Ce quiz a été pris 180 fois
  • Le résultat moyen est 7 sur 10
Statistiques - réponses
Question Réponse % Correct
Washington Capitale
100%
Sao Paulo Plus grande ville du pays
100%
Londres Les deux
86%
Berlin Les deux
86%
Canberra Capitale
71%
Sofia Les deux
71%
Auckland Plus grande ville du pays
57%
Karachi Plus grande ville du pays
57%
Vaduz Capitale
14%
La Valette Capitale
14%
Aucun quiz correspondant
Distribution des résultats
% des personnes avec chaque résultat
Percentile par nombre de réponses
Votre historique - résultats
Vous n’avez pas pris ce quiz